000 00476nam a2200181Ia 4500
005 20250326143210.0
008 250326s9999 xx 000 0 und d
037 _aTextbook
040 _aFMSL
_beng
_cFMSL
041 _aeng
_2eng
084 _aS:44 N8
_qFMSL
100 _aFlew A
_941594
245 0 _aHoe to think straight.
_cFlew A
260 _aNew York
_bNew York, Prometheus
_c1998
300 _a164p
942 _cTB
_hS:44 N8
999 _c1298557
_d1298557